Statistiques concernant Quiz Dauphiné

Cliquez ici pour prendre le quiz!

Statistiques générales

  • Ce quiz a été pris 114 fois
  • Le résultat moyen est 3 sur 16

Statistiques - réponses

Trouvez... Réponse % Correct
Capitale (et plus grande ville)Grenoble
84%
Nombre départements actuels3
79%
Ancienne CapitaleVienne
34%
Langue parlée dans sa partie sudOccitan
26%
Ancienne tribu peuplant le nord IsèreAllobroges
21%
Spécialité de RomansLa pogne
18%
Langue parlée dans sa partie nordfrancoprovençal (arpitan)
15%
Une des 7 merveilles, à Pierre ChatelLa pierre percée
13%
Point culminantBarre des Ecrins (4102m)
10%
Dernier dauphin (indépendant)Humbert II
8%
Date de rattachement au royaume de France1349
8%
Spécialité de ChabeuilLa caillette
8%
Véritable nom du chevalier BayardPierre Terrail
7%
Seconde plus grande villeVilleurbanne
5%
Place forte prise par Lesdiguières en 1597fort Barraux
4%
Date de la journée des Tuiles7 juin 1788
4%

Distribution des résultats

Percentile by Number Answered

% des personnes avec chaque résultat

Votre développement - résultats

Vous n’avez pas pris ce quiz